北海道の市町村人口ランキング - Statistics

General Stats
  • This quiz has been taken 133 times
  • The average score is 47 of 179
Answer Stats
振興局 市町村 人口 % Correct
石狩振興局計 札幌市 1,956,928
100%
上川総合振興局計 旭川市 320,436
98%
渡島総合振興局計 函館市 240,218
96%
胆振総合振興局計 苫小牧市 166,846
92%
十勝総合振興局計 帯広市 162,460
92%
釧路総合振興局計 釧路市 157,519
92%
オホーツク総合振興局計 北見市 111,740
83%
石狩振興局計 江別市 118,686
80%
後志総合振興局計 小樽市 106,507
78%
石狩振興局計 千歳市 97,999
76%
胆振総合振興局計 室蘭市 76,519
75%
石狩振興局計 石狩市 57,645
74%
石狩振興局計 恵庭市 70,354
73%
石狩振興局計 北広島市 56,903
72%
空知総合振興局計 岩見沢市 75,522
69%
渡島総合振興局計 北斗市 43,660
66%
胆振総合振興局計 登別市 44,451
60%
宗谷総合振興局計 稚内市 30,946
60%
オホーツク総合振興局計 網走市 32,846
58%
胆振総合振興局計 伊達市 31,822
58%
根室振興局計 根室市 23,006
58%
空知総合振興局計 滝川市 37,309
55%
オホーツク総合振興局計 紋別市 20,260
55%
日高振興局計 新ひだか町 20,591
54%
留萌振興局計 留萌市 18,695
53%
十勝総合振興局計 音更町 42,971
52%
渡島総合振興局計 七飯町 27,544
52%
根室振興局計 中標津町 22,440
52%
釧路総合振興局計 釧路町 18,642
51%
上川総合振興局計 名寄市 25,376
50%
上川総合振興局計 富良野市 19,949
48%
空知総合振興局計 深川市 18,764
46%
空知総合振興局計 美唄市 18,976
42%
十勝総合振興局計 幕別町 25,617
39%
オホーツク総合振興局計 遠軽町 18,068
39%
後志総合振興局計 余市町 17,222
39%
十勝総合振興局計 芽室町 17,955
36%
上川総合振興局計 士別市 16,869
36%
渡島総合振興局計 八雲町 14,779
36%
胆振総合振興局計 白老町 15,451
35%
後志総合振興局計 倶知安町 16,505
34%
空知総合振興局計 砂川市 15,520
34%
石狩振興局計 当別町 15,286
34%
渡島総合振興局計 森町 13,865
34%
根室振興局計 別海町 14,210
33%
日高振興局計 日高町 11,107
32%
上川総合振興局計 音威子府村 636
32%
オホーツク総合振興局計 美幌町 17,813
31%
日高振興局計 浦河町 11,453
29%
空知総合振興局計 芦別市 11,571
25%
後志総合振興局計 岩内町 11,094
25%
留萌振興局計 初山別村 1,046
25%
オホーツク総合振興局計 斜里町 10,694
24%
胆振総合振興局計 洞爺湖町 8,068
24%
後志総合振興局計 神恵内村 757
24%
空知総合振興局計 栗山町 10,905
22%
上川総合振興局計 上富良野町 10,004
22%
空知総合振興局計 赤平市 8,741
22%
釧路総合振興局計 厚岸町 8,395
22%
オホーツク総合振興局計 西興部村 981
22%
上川総合振興局計 東神楽町 9,862
21%
檜山振興局計 江差町 6,820
21%
上川総合振興局計 美瑛町 9,432
20%
十勝総合振興局計 清水町 8,907
20%
上川総合振興局計 東川町 8,576
19%
胆振総合振興局計 安平町 7,311
19%
宗谷総合振興局計 枝幸町 7,300
19%
釧路総合振興局計 白糠町 7,127
19%
檜山振興局計 せたな町 6,948
19%
空知総合振興局計 夕張市 6,411
19%
空知総合振興局計 歌志内市 2,668
19%
宗谷総合振興局計 中頓別町 1,504
19%
空知総合振興局計 長沼町 10,057
18%
胆振総合振興局計 むかわ町 7,323
18%
日高振興局計 えりも町 4,178
18%
後志総合振興局計 島牧村 1,286
18%
オホーツク総合振興局計 湧別町 7,983
17%
空知総合振興局計 南幌町 7,785
17%
空知総合振興局計 三笠市 7,465
17%
釧路総合振興局計 弟子屈町 6,640
17%
上川総合振興局計 鷹栖町 6,585
17%
留萌振興局計 羽幌町 6,135
17%
渡島総合振興局計 松前町 6,030
17%
根室振興局計 標津町 4,849
17%
根室振興局計 羅臼町 4,367
17%
宗谷総合振興局計 猿払村 2,648
17%
宗谷総合振興局計 礼文町 2,253
17%
宗谷総合振興局計 利尻町 1,865
17%
上川総合振興局計 幌加内町 1,261
17%
釧路総合振興局計 標茶町 6,999
16%
オホーツク総合振興局計 大空町 6,626
16%
後志総合振興局計 ニセコ町 5,481
16%
日高振興局計 様似町 3,901
16%
宗谷総合振興局計 豊富町 3,583
16%
留萌振興局計 小平町 2,781
16%
檜山振興局計 奥尻町 2,269
16%
宗谷総合振興局計 利尻富士町 2,194
16%
後志総合振興局計 泊村 1,464
16%
上川総合振興局計 中川町 1,304
16%
十勝総合振興局計 足寄町 6,172
15%
釧路総合振興局計 浜中町 5,333
15%
留萌振興局計 増毛町 3,725
15%
宗谷総合振興局計 幌延町 2,102
15%
後志総合振興局計 赤井川村 1,353
15%
十勝総合振興局計 広尾町 6,009
14%
後志総合振興局計 共和町 5,430
14%
日高振興局計 新冠町 5,137
14%
檜山振興局計 今金町 4,623
14%
日高振興局計 平取町 4,539
14%
檜山振興局計 上ノ国町 4,254
14%
胆振総合振興局計 豊浦町 3,558
14%
宗谷総合振興局計 浜頓別町 3,299
14%
檜山振興局計 乙部町 3,249
14%
石狩振興局計 新篠津村 2,808
14%
留萌振興局計 苫前町 2,747
14%
釧路総合振興局計 鶴居村 2,466
14%
胆振総合振興局計 壮瞥町 2,391
14%
留萌振興局計 遠別町 2,335
14%
上川総合振興局計 南富良野町 2,288
14%
空知総合振興局計 新十津川町 6,312
13%
十勝総合振興局計 士幌町 5,829
13%
胆振総合振興局計 厚真町 4,306
13%
渡島総合振興局計 知内町 3,898
13%
檜山振興局計 厚沢部町 3,405
13%
留萌振興局計 天塩町 2,732
13%
後志総合振興局計 留寿都村 2,036
13%
十勝総合振興局計 本別町 6,190
12%
上川総合振興局計 当麻町 6,136
12%
十勝総合振興局計 新得町 5,531
12%
十勝総合振興局計 大樹町 5,337
12%
渡島総合振興局計 長万部町 4,817
12%
上川総合振興局計 中富良野町 4,579
12%
後志総合振興局計 蘭越町 4,496
12%
渡島総合振興局計 木古内町 3,644
12%
渡島総合振興局計 福島町 3,467
12%
後志総合振興局計 京極町 2,800
12%
後志総合振興局計 寿都町 2,694
12%
空知総合振興局計 上砂川町 2,459
12%
空知総合振興局計 雨竜町 2,109
12%
後志総合振興局計 喜茂別町 1,957
12%
十勝総合振興局計 池田町 6,012
11%
空知総合振興局計 奈井江町 4,819
11%
十勝総合振興局計 上士幌町 4,784
11%
オホーツク総合振興局計 佐呂間町 4,688
11%
空知総合振興局計 由仁町 4,662
11%
オホーツク総合振興局計 雄武町 4,093
11%
渡島総合振興局計 鹿部町 3,570
11%
オホーツク総合振興局計 興部町 3,564
11%
後志総合振興局計 仁木町 3,040
11%
後志総合振興局計 古平町 2,656
11%
空知総合振興局計 妹背牛町 2,635
11%
後志総合振興局計 真狩村 1,952
11%
上川総合振興局計 占冠村 1,591
11%
十勝総合振興局計 鹿追町 5,061
10%
オホーツク総合振興局計 訓子府町 4,533
10%
オホーツク総合振興局計 小清水町 4,415
10%
オホーツク総合振興局計 清里町 3,715
10%
上川総合振興局計 上川町 3,150
10%
十勝総合振興局計 更別村 3,129
10%
上川総合振興局計 下川町 2,935
10%
上川総合振興局計 和寒町 2,903
10%
後志総合振興局計 黒松内町 2,573
10%
上川総合振興局計 愛別町 2,480
10%
十勝総合振興局計 陸別町 2,159
10%
後志総合振興局計 積丹町 1,770
10%
十勝総合振興局計 浦幌町 4,195
9%
オホーツク総合振興局計 津別町 4,100
9%
十勝総合振興局計 中札内村 3,886
9%
上川総合振興局計 比布町 3,471
9%
空知総合振興局計 沼田町 2,840
9%
空知総合振興局計 月形町 2,821
9%
オホーツク総合振興局計 置戸町 2,608
9%
オホーツク総合振興局計 滝上町 2,293
9%
空知総合振興局計 秩父別町 2,229
9%
空知総合振興局計 北竜町 1,637
9%
空知総合振興局計 浦臼町 1,605
9%
上川総合振興局計 美深町 3,789
8%
十勝総合振興局計 豊頃町 2,937
8%
上川総合振興局計 剣淵町 2,811
8%
No matching quizzes found
Score Distribution
Percent of People with Each Score
Percentile by Number Answered
Your Score History
You have not taken this quiz